| 000 | 00370nam a2200157Ia 4500 | ||
|---|---|---|---|
| 008 | 220216s9999 xx 000 0 und d | ||
| 100 | _aPhilip A | ||
| 245 | 0 | _aRubber krishiyum valaprayogavum | |
| 260 |
_bRubber _c2014 |
||
| 300 | _a9-Jun | ||
| 650 | _aFertilizer application | ||
| 700 | _aJessy M D | ||
| 700 | _aSoman T A | ||
| 700 | _aSyamala V K | ||
| 942 | _cJS | ||
| 999 |
_c67771 _d67771 |
||